| 000 | 00930cam a2200169ua 4500 | ||
|---|---|---|---|
| 020 | _c1.25 | ||
| 041 |
_aeng _h |
||
| 082 |
_a894.8121 _bKAV/KA |
||
| 110 | 1 |
_aKavitha Samity . _b _c(Thiruvananthapuram, Kerala ) |
|
| 245 |
_aKavitha 1139 / _cKavithasamithi, Thiruvananthapuram. _hTextual Documents |
||
| 260 |
_aThiruvananthapuram : _bKavitha Samithi , _c1964. |
||
| 300 | _a87 ; . | ||
| 365 | _a1.25 | ||
| 504 | _a | ||
| 942 | _cBK | ||
| 999 |
_c4933 _d4933 |
||